Psicolingüística aplicada
Guardat en:
| Autor principal: | |
|---|---|
| Format: | Llibre |
| Idioma: | espanyol |
| Publicat: |
Buenos Aires
Kapelusz
1976
|
| Col·lecció: | Biblioteca de cultura pedagógica
|
| Matèries: | |
| Etiquetes: |
Afegir etiqueta
Sense etiquetes, Sigues el primer a etiquetar aquest registre!
|
MARC
| LEADER | 00000nam a2200000 a 4500 | ||
|---|---|---|---|
| 001 | UCZ0073 | ||
| 003 | CL-VaPUC | ||
| 008 | 950724e19760400AG |||||||||||||||||spa|d | ||
| 082 | 0 | 4 | |a 401.9 |b TIT |2 21 |
| 100 | 0 | |a Titone, Renzo |e author |9 342673 | |
| 245 | 1 | 0 | |a Psicolingüística aplicada |
| 246 | 1 | 0 | |a Introducción a la didáctica de las lenguas |
| 300 | |a 219 p | ||
| 942 | |c BK | ||
| 945 | |d 19950724 00:00:00 |a cmena | ||
| 260 | |a Buenos Aires |b Kapelusz |c 1976 | ||
| 650 | 0 | |a Psicolingüística |9 283371 | |
| 650 | 0 | |a Desarrollo del lenguaje |9 311270 | |
| 650 | 0 | |a Educación lingüística |9 306506 | |
| 650 | 0 | |a Psicología aplicada |9 270762 | |
| 650 | 0 | |a Sociolingüística |9 263716 | |
| 650 | 0 | |a Bilingüismo |9 307482 | |
| 583 | |a last modification |c 19950724 00:00:00 |k Rodrigo Vera | ||
| 490 | 0 | |a Biblioteca de cultura pedagógica | |
| 999 | |c 237046 |d 237044 | ||
| 952 | |0 0 |1 0 |4 0 |6 401_900000000000000_TIT_1976 |7 0 |8 P |9 245734 |a BIBEDU |b BIBEDU |c BIBEDU_PB |d 2019-11-18 |i 1542427 |o 401.9 TIT 1976 |p 1542427 |r 2024-01-25 |w 2019-11-18 |y BK |k EDU | ||
| 952 | |0 0 |1 0 |4 0 |6 401_900000000000000_TIT_1976 |7 0 |8 A |9 245735 |a FDOPOS |b FDOPOS |d 2019-11-18 |i 3690075 |o 401.9 TIT 1976 |p 3690075 |r 2025-01-22 |w 2019-11-18 |y BK |k MLA | ||
| 952 | |0 0 |1 0 |4 0 |6 401_900000000000000_TIT_1976 |7 0 |8 A |9 245736 |a FDOPOS |b FDOPOS |d 2019-11-18 |i 3691489 |o 401.9 TIT 1976 |p 3691489 |r 2025-01-22 |w 2019-11-18 |y BK |k MLA | ||